000 00797cab a2200265 4500
001 ABS47607
008 090401t1992 xxu||||| |||| 00| 0 eng d
035 _a(Sirsi) u62620
041 _aeng
245 _aNorthumberland and Cumbria
260 _c1992
350 _a0
490 _aEstates Times
_v(1171) 11 December 1992, 18-20(3)
650 _aBARROW IN FURNESS
650 _aCARLISLE
650 _aCUMBRIA
650 _aECONOMIC DEVELOPMENT
650 _aINDUSTRIAL MARKET
650 _aNORTHUMBERLAND
650 _aPROPERTY-COMMERCIAL PROPERTY-OFFICE PROPERTY-OFFICE PROPERTY MARKET
650 _aPROPERTY-COMMERCIAL PROPERTY-RETAIL PROPERTY-RETAIL PROPERTY MARKET
690 _aPROPERTY-COMMERCIAL PROPERTY-COMMERCIAL PROPERTY MARKET
942 _n0
948 _c04/03/1997
999 _c38884
_d38884